| 000 | 00346nam a2200133Ia 4500 | ||
|---|---|---|---|
| 008 | 240624s9999 xx 000 0 und d | ||
| 041 | _aeng | ||
| 082 | _a823 MIL | ||
| 100 | _aMILTON JOHN | ||
| 245 | _aPARADISE LOST AND PARADISE REGAINED | ||
| 260 |
_c2011 _aNew Delhi _bHarperCollins |
||
| 300 | _aviii, : 404 : p. : cm. ; 18 | ||
| 365 |
_cRS _b25 |
||
| 999 |
_c18776 _d18776 |
||